000 00379nam a22001577a 4500
003 MPLRDC
005 20220104143828.0
008 210129b ||||| |||| 00| 0 eng d
082 _a856.9 GSZ c.2
100 _a公孙子
245 _a千古秘闻录
_c
260 _a
_b新时代出版社
_c
300 _b
650 _a函牍及杂著--杂项
942 _cBK
_o856.9 GSZ c.2
999 _c43747
_d43737